Šelpice 1249-1994

Bibliographic Details
Main Author: Babirát, Marián, 1951- (fot)
Format: Book
Language:Slovak
PhysicalDescription:176 s. fotogr., tab. 21 cm
Published: Šelpice Obecný úrad 1994
ISBN:8096719955
Subjects:

MARC

LEADER 00000nam a2200000 a 4500
001 vtls001279150
003 SK-MaSNL
005 20260331203320.0
008 240226s1994 xo ap r yy slo
015 |a SNBA1997/0601603 
020 |a 8096719955 
035 |a SNK000230492 
035 |a urn:nbn:sk:snk-am3ihmb 
035 |a 6A8F1CBB-BFB6-4A97-A6F1-D3F9F2E3D491 
035 |a urn:nbn:sk:snk-am00eecd 
040 |a SNK  |b slo  |c SNK  |e AACR2 
041 0 |a slo 
044 |a xo  |c SK 
080 |a 943.762.7-22"1249/1994"  |2 1981 
100 1 |a Babirát, Marián,  |d 1951-  |4 fot  |9 9820 
245 1 |a Šelpice 1249-1994  |c Marián Babirát 
260 |a Šelpice  |b Obecný úrad  |c 1994 
300 |a 176 s.  |b fotogr., tab.  |c 21 cm 
500 |a 600 výt. 
504 |a Bibliogr. s. 173-176 
648 7 |a 1249-1994  |2 SNK  |9 631197 
650 0 7 |a dejiny miest  |2 SNKPH  |9 164833 
651 7 |a 5211  |2 SNK  |9 283191 
651 7 |a Šelpice (Slovensko)  |2 SNK  |9 112737 
655 7 |a jubilejné publikácie  |2 SNK  |9 70339 
919 |a 80-967199-5-5 
958 |a TL 
958 |a NB 
958 |a OND 
999 |c 971839  |d 973769 
952 |t P60, <09>, [BOOK], {629}  |a SNK  |b SNK  |y NEVYP  |7 0  |o snkC 631  |i snk1196/970318  |0 0  |1 0  |4 0  |d 1997-03-12  |l 0  |r 2005-01-02 00:00:00  |w 2026-02-24 
952 |a SNK  |b SNK  |y PREZ  |7 0  |p 17A0052737  |o snkSC 92636  |i snkKSP 2727/97  |0 0  |1 0  |4 0  |d 1997-03-12  |f 1  |l 0  |r 2025-09-11 00:00:00  |w 2026-02-24